000 00212nam a22000857a 4500
001 1235203
005 20250930111735.0
245 _aMUTLULUK VE MUTSUZLUK
_cBRIGITTE LABBE
260 _bGÜNIŞIĞI KİTAPLIĞI YAYINLARI
999 _c1235203
_d1235203